000 00515nam a2200169 i 4500
001 65084
003 ES-MaACL
005 20250507063020.0
007 t|
008 040108s1959 sp ||||1| spa d
100 1 _aFraga Iribarne, Manuel,
_d1922-2012
_9193721
245 1 3 _aEl reglamento de las Cortes españolas /
_cManuel Fraga Iribarne.
260 _aMadrid :
_bS.I.P.S.,
_c[1959] (
_fPueblo)
300 _a422 p., 1 lám. ;
_c24 cm.
852 _aES-MaACL
_jA-2200
_bR.49194
999 _c65084
_d65084